Egyptian museums : treasures of human legacy /

محفوظ في:

المؤلف الرئيسي: Bahnasy, Salah (مؤلف)

مؤلفون آخرون: Seif el-Nasr, Ahmed.

التنسيق: كتاب

اللغة: English

منشور في: Giza, Egypt : Foreign Information Dept., Ministry of Culture, 2004.

الطبعة: First English edition.

سلاسل: Prism book series.

الموضوعات:

الوسوم: إضافة وسم

لا توجد وسوم, كن أول من يضع وسما على هذه التسجيلة!

رقم الطلب: DT58.9 .E4

LEADER 01059namaa2200289 4500
003 OSt
005 20200718050931.0
008 130303s2004 ua a e b 000 0 eng d
952 |0 0  |1 0  |2 lcc  |4 0  |6 DT00589 E4  |7 1  |9 3962  |a ARCE  |b ARCE  |d 2020-07-18  |l 0  |o DT58.9 .E4  |p 1006565  |r 2020-07-18 00:00:00  |w 2020-07-18  |y BK 
999 |c 7070  |d 7070 
020 |a 9773057933 
050 0 4 |a DT58.9 .E4 
100 1 |a Bahnasy, Salah,  |e author  |9 26076 
245 1 0 |a Egyptian museums :  |b treasures of human legacy /  |c By Salah El Bahnasy ; translated by Ahmed Seif El Nasr. 
250 |a First English edition. 
264 1 |a Giza, Egypt :  |b Foreign Information Dept., Ministry of Culture,   |c 2004. 
300 |a 205 pages :  |b illustrations (some color) ;  |c 24 cm. 
336 |a text  |b txt  |2 rdacontent 
337 |a unmediated  |b n  |2 rdamedia 
338 |a volume  |b nc  |2 rdacarrier 
490 0 |a Prism book series. 
504 |a Includes bibliographical references. 
650 0 |a Museums  |z Egypt. 
651 0 |a Egypt  |x Antiquities. 
700 1 |a Seif el-Nasr, Ahmed. 
901 |a reviewed 
942 |c BK  |2 lcc